| 000 | 00787cam a2200241 a 4500 | ||
|---|---|---|---|
| 001 | 000015486 | ||
| 005 | 20260114102846.0 | ||
| 008 | 830721s1958 mx a 000 0 spa | ||
| 035 | _a(DLC) 14003184 | ||
| 040 |
_aDO-SdBNP _bspa _cCarP _dDLC _dBNPHU |
||
| 082 |
_a155.5 _bC993h, 1958 |
||
| 100 | 1 |
_aCuyas Armengol, Arturo. _934978 |
|
| 245 | 1 | 0 |
_aHace falta un muchacho : _blibro de orientación en la vida, para los adolescentes / _cArturo Cuyas Armengol ; ilustración Juez. |
| 250 | _a4a ed. | ||
| 260 |
_aMéxico : _bDiana, _c1958.. |
||
| 300 |
_a408 p. : _bil. ; _c21 cm. |
||
| 650 | 0 |
_aPsicología infantil _92718 |
|
| 650 | 0 |
_aConducta (Psicología) _9673 |
|
| 650 | 4 |
_aAdolescentes _933178 |
|
| 700 | 1 |
_aJuez, _eil. _934979 |
|
| 910 | _aCatalogación derivada | ||
| 049 | _aBNGR | ||
| 999 |
_c15042 _d15042 |
||